00876nam a22001817a 4500003000200000005001700002008004100019050002800060100002800088245013700116260007100253300006200324500005100386504005600437650005800493650005800551650008500609020250213143805.0250213b xxu||||| |||| 00| 0 eng d aTK 5105.888b.An58 2023 aAntiojo, Joshua Rey P.  aEmplawyer:ba lawyer booking service application implementing support for legal services in the Philippines. cJoshua Rey P. Antiojo aLas Pinas CitybSouthville International School and Collegesc2023 axv, 161 pages:bcolored pictures and illustration;c28cm. aBachelor of Science in Information Technology. aIncludes bibliographical references and appendices. aLegal services—Digital platforms -- Online booking. aLawyer-client matching—Mobile and web applications. aLegal Technology—Artificial intelligence -- Digital support -- Legal services.